Central Library OPAC University of Rajshahi

Quantitive Decision Procedures in Management and Economics : determinitic theory and aplication / (Record no. 74542)

MARC details
000 -LEADER
fixed length control field 00707nam a22002297i 4500
001 - CONTROL NUMBER
control field 74542
003 - CONTROL NUMBER IDENTIFIER
rucl marc code BD-RjUL
005 - DATE AND TIME OF LATEST TRANSACTION
control field 20211209082552.0
008 - FIXED-LENGTH DATA ELEMENTS--GENERAL INFORMATION
fixed length control field 181023s1964 n a|||| b||| 001 0 eng d
035 ## - SYSTEM CONTROL NUMBER
System control number (BD-RjUL)74760
040 ## - CATALOGING SOURCE
Original cataloging agency BD-RjUL
Language of cataloging eng
Transcribing agency BD-RjUL
041 ## - LANGUAGE CODE
Language code of text/sound track or separate title eng
082 ## - DEWEY DECIMAL CLASSIFICATION NUMBER
Edition number 23
Classification number 658
Author mark and year CAQ 1964
100 1# - MAIN ENTRY--PERSONAL NAME
Relator code Carr, Charles R.
245 10 - TITLE STATEMENT
Title Quantitive Decision Procedures in Management and Economics : determinitic theory and aplication /
Statement of responsibility, etc. Charles R. Carr , Charles W. Howe
264 ## - PRODUCTION, PUBLICATION, DISTRIBUTION, MANUFACTURE, AND COPYRIGHT NOTICE
Place of production, publication, distribution, manufacture NewYork :
Name of producer, publisher, distributor, manufacturer Mcgraw-Hill book ,
Date of production, publication, distribution, manufacture, or copyright notice 1964
300 ## - PHYSICAL DESCRIPTION
Pagination Xv , 383 p. :
Illustrations ill ;
Size 24 cm
500 ## - GENERAL NOTE
General note Includes Index
650 ## - SUBJECT ADDED ENTRY--TOPICAL TERM
Topical term or geographic name as entry element Management
9 (RLIN) 224067
700 ## - ADDED ENTRY--PERSONAL NAME
Personal name Howe, Charles W.
942 ## - ADDED ENTRY ELEMENTS (KOHA)
Source of classification or shelving scheme Dewey Decimal Classification
Koha item type Books
Holdings
Lost status Source of classification or shelving scheme Damaged status Not for loan Collection code Permanent Location Current Location Shelving location Date acquired Source of acquisition Cost, normal purchase price Total Checkouts Full call number Date last seen Copy number Koha item type
  Dewey Decimal Classification   Not For Loan Non-fiction Central Library, University of Rajshahi Central Library, University of Rajshahi Reading Room 08/04/1967 book View 53.70   658 CAQ 1964 23/10/2018 C-1 Books